Les Communes de Sète - Statistiques

Statistiques générales
  • Ce quiz a été pris 46 fois
  • Le résultat moyen est 9 sur 14
Statistiques - réponses
Population Communes % Correct
45 090 Sète
100%
23 788 Frontignan
94%
7 136 Balaruc-les-Bains
91%
2 749 Balaruc-le-Vieux
91%
12 711 Mèze
79%
8 047 Marseillan
67%
6 559 Gigean
64%
6 540 Poussan
64%
1 613 Bouzigues
58%
3 301 Mireval
55%
3 413 Vic-la-Gardiole
52%
2 179 Loupian
48%
2 903 Montbazin
48%
3 953 Villeveyrac
39%
Aucun quiz correspondant
Distribution des résultats
% des personnes avec chaque résultat
Percentile par nombre de réponses
Votre historique - résultats
Vous n’avez pas pris ce quiz